Building multidisciplinary training networks for rural development: report (Record no. 84724)
[ view plain ]
| 000 -LEADER | |
|---|---|
| fixed length control field | 00819nam a22002417a 4500 |
| 003 - CONTROL NUMBER IDENTIFIER | |
| control field | URS |
| 005 - DATE AND TIME OF LATEST TRANSACTION | |
| control field | 20250828100454.0 |
| 008 - FIXED-LENGTH DATA ELEMENTS--GENERAL INFORMATION | |
| fixed length control field | 250331b ||||| |||| 00| 0 eng d |
| 040 ## - CATALOGING SOURCE | |
| Transcribing agency | URS |
| 050 ## - LIBRARY OF CONGRESS CALL NUMBER | |
| Classification number | LB1735 |
| Item number | .A46 1986 |
| 245 ## - TITLE STATEMENT | |
| Title | Building multidisciplinary training networks for rural development: report |
| 264 ## - PRODUCTION, PUBLICATION, DISTRIBUTION, MANUFACTURE, AND COPYRIGHT NOTICE | |
| Date of production, publication, distribution, manufacture, or copyright notice | ©1986 |
| 336 ## - CONTENT TYPE | |
| Source | rdacontent |
| Content type term | text |
| 337 ## - MEDIA TYPE | |
| Source | rdamedia |
| Media type term | unmediated |
| 338 ## - CARRIER TYPE | |
| Source | rdacarrier |
| Carrier type term | volume |
| 650 #0 - SUBJECT ADDED ENTRY--TOPICAL TERM | |
| 9 (RLIN) | 11900 |
| Topical term or geographic name entry element | Teachers, |
| General subdivision | Training of -- Asia |
| 650 #0 - SUBJECT ADDED ENTRY--TOPICAL TERM | |
| 9 (RLIN) | 11901 |
| Topical term or geographic name entry element | Teachers, |
| General subdivision | Training of -- Island of the Pacific |
| 650 #0 - SUBJECT ADDED ENTRY--TOPICAL TERM | |
| 9 (RLIN) | 11902 |
| Topical term or geographic name entry element | Teachers |
| General subdivision | In-service -- Asia |
| 650 #0 - SUBJECT ADDED ENTRY--TOPICAL TERM | |
| 9 (RLIN) | 11903 |
| Topical term or geographic name entry element | Teachers |
| General subdivision | In-service training -- Islands of the Pacific |
| 650 #0 - SUBJECT ADDED ENTRY--TOPICAL TERM | |
| 9 (RLIN) | 11904 |
| Topical term or geographic name entry element | Rural Development |
| General subdivision | Asia |
| 650 #0 - SUBJECT ADDED ENTRY--TOPICAL TERM | |
| 9 (RLIN) | 11905 |
| Topical term or geographic name entry element | Rural Development |
| General subdivision | Islands of the Pacific |
| 942 ## - ADDED ENTRY ELEMENTS (KOHA) | |
| Source of classification or shelving scheme | Library of Congress Classification |
| Koha item type | Continuing Resources |
| Withdrawn status | Source of classification or shelving scheme | Damaged status | Not for loan | Collection code | Home library | Current library | Date acquired | Total Checkouts | Full call number | Barcode | Date last seen | Price effective from | Koha item type |
|---|---|---|---|---|---|---|---|---|---|---|---|---|---|
| Library of Congress Classification | Non-fiction | Morong Graduate Library | Morong Graduate Library | 03/31/2025 | LB1735 .A46 1986 | URSMOR-GL-2578 | 03/31/2025 | 03/31/2025 | Continuing Resources |